The finite element method: linear static and dynamic finite element analysis

Tallennettuna:
Bibliografiset tiedot
Päätekijä: Hughes, Thomas J. R (Tekijä)
Aineistotyyppi: Kirja
Kieli:englanti
Julkaistu: Nueva York Dover Publications Inc. 2000
Aiheet:
Tagit: Lisää tagi
Ei tageja, Lisää ensimmäinen tagi!

MARC

LEADER 00000cam a2200000 a 4500
001 UCF4335
003 CL-VaPUC
008 121130e20000000US |||||||||||||||||eng|d
020 |a 9780486411811 
082 0 4 |a 620.0015  |b HUG  |2 21 
100 |a Hughes, Thomas J. R  |e author  |9 571510 
245 1 4 |a The finite element method: linear static and dynamic finite element analysis 
300 |a 682 p 
942 |c BK 
945 |d 20121130 00:00:00  |a dcastane 
260 |a Nueva York  |b Dover Publications Inc.  |c 2000 
650 7 |a ELEMENTOS FINITOS  |2 CL-VaPUC  |9 423815 
650 0 |a Método de elemento finito  |9 327601 
583 |a last modification  |c 20121130 23:21:00  |k Rodrigo Vera 
999 |c 350142  |d 350140 
952 |0 0  |1 0  |4 0  |6 620_001500000000000_HUG_2000  |7 0  |8 A  |9 453334  |a BIBING  |b BIBING  |d 2019-11-22  |i 492889K  |o 620.0015 HUG 2000  |p 492889K  |r 2025-01-20  |w 2019-11-22  |y BK  |k CIC 
952 |0 0  |1 0  |4 0  |6 620_001500000000000_HUG_2000  |7 0  |8 A  |9 453335  |a BIBING  |b BIBING  |d 2019-11-22  |i 4928903  |o 620.0015 HUG 2000  |p 4928903  |r 2025-01-20  |w 2019-11-22  |y BK  |k CIC